LEADER 00884nam0-22003131i-450 001 990001787580403321 005 20191119110228.0 010 $a0-674-44280-6 035 $a000178758 035 $aFED01000178758 035 $a(Aleph)000178758FED01 035 $a000178758 100 $a20021010d1994----km-y0itay50------ba 101 0 $aeng 200 1 $aIdentification guide to the ant genera of the world$fBarry Bolton 210 $aCambridge$cHarvard University Press$d1994 215 $a222 p.$d30 cm 610 0 $aFormicidae 610 0 $aFormiche 676 $a595.796 700 1$aBolton,$bBarry$078170 801 0$aIT$bUNINA$gRICA$2UNIMARC 901 $aBK 912 $a990001787580403321 952 $a60 FM 595.796 BOLB 1994$b5203$fFAGBC 959 $aFAGBC 996 $aIdentification guide to the ant genera of the world$9407981 997 $aUNINA DB $aING01 LEADER 01040nam a2200253 i 4500 001 991003451529707536 005 20020503192932.0 008 930310s1988 it ||| | ita 020 $a8877860766 035 $ab10508089-39ule_inst 035 $aEXGIL121128$9ExL 040 $aBiblioteca Interfacoltà$bita 100 1 $aChirizzi, Gino Giovanni$0453307 245 10$aMartignano "dei Greci" dagli Angioini ai Borboni /$cGino Giovanni Chirizzi 260 $aGalatina :$bCongedo,$c1988 300 $a175 p., 40 p. di tav. ;$c25 cm. 650 4$aMartignano$xStoria$ySec. 13.-19. 907 $a.b10508089$b02-04-14$c27-06-02 912 $a991003451529707536 945 $aLE002 Sal. V C 17$g1$i2002000988089$lle002$o-$pE0.00$q-$rn$so $t0$u0$v0$w0$x0$y.i10585503$z27-06-02 945 $aLE002 Sal. V C 17 bis$g2$i2002000988096$lle002$o-$pE0.00$q-$rl$so $t0$u1$v0$w1$x0$y.i15134994$z25-05-10 996 $aMartignano "dei Greci" dagli Angioini ai Borboni$9213153 997 $aUNISALENTO 998 $ale002$b01-01-93$cm$da $e-$fita$git $h0$i1